Flying Animals - Sudden Death - Statistics

General Stats
  • This quiz has been taken 7,122 times
    7,097 since last reset
  • The average score is 9 of 16
Answers on the Grid
Answers color-coded by a green-red scale on the quiz's grid according to % correct below.
Anchovy
Andean condor
Arctic tern
Asian giant hornet
Atlas moth
Aye-aye
Marbled White
Cassowary
Cicada
Crane fly
Daubenton's bat
Dormouse
Dragonfly
Emperor penguin
Hyacinth macaw
Kestrel
Kiwi
Mosquito
Pangolin
Pine marten
Portuguese man o' war
Puffin
Rhea
Ring-tailed lemur
Scorpion
Seven-spot ladybird
Stingray
Tapeworm
Tawny owl
Three toed sloth
Tilapia
Whooper swan
 
Answer Stats
Answer % Correct
Dragonfly
76%
Mosquito
76%
Tawny owl
71%
Crane fly
69%
Asian giant hornet
68%
Atlas moth
65%
Daubenton's bat
61%
Seven-spot ladybird
61%
Cicada
58%
Hyacinth macaw
57%
Whooper swan
57%
Andean condor
56%
Puffin
49%
Kestrel
43%
Arctic tern
39%
Marbled White
21%
No matching quizzes found
Score Distribution
Percent of People with Each Score
Percentile by Number Answered
Your Score History
You have not taken this quiz since the last reset